000 00776cab a2200217 4500
001 WB3120-16
008 090401t1995 xxu||||| |||| 00| 0 eng d
035 _a(Sirsi) u74858
041 _aeng
245 _aLandlord and Tenant Act 1954 Part II
260 _c1995
350 _a0
490 _aEstates Gazette Case Summaries
_v1995 EGCS 81 (20/5/95)
520 _a"Esselte AB and another v Pearl Assurance Plc" ChD 9 May 1995. Under s24 of the Landlord and tenant Act 1954 Part II tenants are required to give formal notice despite cessation of business use.
650 _aCESSATION OF BUSINESS USE
650 _aNOTICE TO QUIT
650 _aTERMINATION OF TENANCY
690 _aLANDLORD AND TENANT-CASE LAW-BUSINESS TENANCIES
942 _n0
948 _c04/03/1997
999 _c47163
_d47163